Państwa z wygranym Mundialem - Statystyki

Ogólne statystyki
  • Ten quiz został rozwiązany 343 razy
  • Średni wynik to 21 z 22
Statystyki odpowiedzi
Rok Odpowiedź % Poprawnych
1978 Argentyna
97%
1986 Argentyna
97%
2022 Argentyna
97%
1998 Francja
97%
2018 Francja
97%
1954 Niemcy
97%
1974 Niemcy
97%
1990 Niemcy
97%
2014 Niemcy
97%
1958 Brazylia
96%
1962 Brazylia
96%
1970 Brazylia
96%
1994 Brazylia
96%
2002 Brazylia
96%
2010 Hiszpania
95%
1934 Włochy
92%
1938 Włochy
92%
1982 Włochy
92%
2006 Włochy
92%
1930 Urugwaj
91%
1950 Urugwaj
91%
1966 Anglia
85%
Nie znaleziono quizów pasujących do podanych kryteriów
Rozkład punktacji
Procent ludzi z każdym wynikiem
Percentyl według liczby udzielonych odpowiedzi
Twoja historia wyników
Nie rozwiązałeś tego quizu